000 00421nam a2200169Ia 4500
005 20240823042905.0
008 240823s9999||||xx |||||||||||||| ||und||
041 _aENGLISH
082 _A621 P8
100 _aMurugaperumal P et al.
245 0 _aBasic Engineering
250 _a1st
260 _c2008
_bSri Krishna Publi
_aChennai
500 _aTRANSFERED
650 _aBasic Engineering
_bElectronics
942 _cBK
999 _c208925
_d208925